00873nam a2200241 a 4500008004100000020001500041041000800056100002700064245005000091250006200141260004800203300001100251500008500262653004200347653003300389653002500422653003600447653003100483653002900514653003600543653003000579653002200609170301t1990 uy ||||f |||| 001 0 spa d a9974420016 aspa1 aCastoriadis, Cornelius 3aEl mundo fragmentado /cCornelius Castoriadis a1a ed.bRevision tecnica Christian Ferrer y Carlos Torres aMontevideo [URY]:bNordan-Comunidad;c1990. a187 p. aCastoriadis, C. (1990). El mundo fragmentado. (1a ed.). Buenos Aires : Altamira. 3aLa epoca del conformismo generalizado aReflexiones sobre el racismo a¿Camino sin salida? 4aLos intelectuales y la historia aPoder, politica, autonomia aPsicoanalisis y politica 3aLa revolucion ante los teologos 4a¿El fin de la filosofia? aTiempo y creacion